01172 2200409 4500001002100000005001500021035002000036007000300056008004100059040002200100245008500122300003700207020002200244082001500266084001500281090002200296090001700318250002600335264003400361336002100395337003000416338002300446650002300469700002100492700002900513850001200542999002200554990002200576990002000598990002000618990002000638990002200658990002000680990002000700990002200720990002000742INLIS00000000087650720230613112543 a0010-0223000375ta230214s2022 yoia a 1 ind d aYOPDYOGbinderda10aCala dan harta karun milik manusia /cpenyunting, Dyas; ilustrator, Lanang Putro a34 halaman :bilustrasi ;c21 cm a978-623-7333-28-904223a028.53 a028.53 CAL aCB-D.11 2022-2130 aK 028.53 CAL aCetakan pertama, 202231aSleman :bC-Klik Media,c2022 2rdacontentateks 2rdamediaatanpa perantara 2rdacarrieravolume 4aBacaan kanak-kanak0 aDyasepenyunting0 aLanang PutroeIlustrator aYOPDYOG aCB-D.11/2022-2130 aCB-D.11/2022-2130 a70859-PD/A.2023 a70860-PD/A.2023 a70859-PD/A.2023 aCB-D.11/2022-2130 a70860-PD/A.2023 a70860-PD/A.2023 aCB-D.11/2022-2130 a70859-PD/A.2023